000 00908cam a22003011 4500
001 31615
003 BD-RjUL
005 20211209051727.0
008 140421r19651926e 001 0 eng d
020 _a710049706
035 _a(BD-RjUL)31703
035 _a(OCoLC)1486975
040 _aDLC
_cTxDa
_dBD-RjUL
_beng
041 _aeng
082 _a133.409
_bSUH 1969
100 1 _aSummers, Montague,
_d1880-1948.
_996218
245 1 4 _aThe history of witchcraft and demonology /
260 _aLondon :
_bRoutledge & K. Paul,
_c1965 [Reprinted 1969]
300 _axv, 353 p. :
_bfacsims., plates. ;
_c25 cm.
490 0 _aThe History of civilization
500 _aFirst published in 1926.
504 _aIncludes index and Bibliography: p. 315-346.
650 0 _aWitchcraft
_xHistory.
_996219
650 0 _aDemonology.
_996220
942 _2ddc
_cBK
999 _c31615
_d31615